=LDR 00000nam 2200000 4500 =001 INLIS000000000032400 =005 20130612134416 =008 ***********************************ind** =035 ##$$0010-061300000032400 =041 ##$$a ind =082 ##$$a 612.396 =090 ##$$a 612.396, Hym u =100 ##$$a Hyman, Mark =245 ##$$a Ultra Metabolisme, 7 Langkah Sehat Mengurangi Berat Badan Anda Otomatis, Mark Hyman, MD, Penerjemah, Ibnu Setiawan =260 ##$$a 2006 $b Yogyakarta =300 ##$$a xvi, 430 hlm., 23,5 cm =650 ##$$a Metabolisme-Karbohodrat =700 ##$$a Setiawan, Ibnu =850 ##$$a NBPNMAT =990 ##$$a 21400613/BPAP-NTB/20142014 =990 ##$$a 0001/BPAP-NTB/2015